Guess the DFW City from the Place - Statistics

General Stats
  • This quiz has been taken 7 times
  • The average score is 8 of 20
Answer Stats
Place City % Correct
Perot Museum Dallas
100%
University of North Texas Denton
100%
Six Flags over Texas Arlington
75%
Lays Headquarters Plano
75%
Bass Performance Hall Fort Worth
50%
PepsiCo Headquarters Frisco
50%
Meow Wolf Grapevine
50%
Toyota Music Factory Irving
50%
LLELA Nature Preserve Lewisville
50%
NRH20 Water Park North Richland Hills
50%
Dude Perfect Headquarters Allen
25%
Bowling Hall of Fame Arlington
25%
North Texas Jellystone Burleson
25%
AW Perry Homestead Museum Carrollton
25%
Hawaiian Waters Garland
25%
Bicentennial Park Southlake
25%
Scheels The Colony
25%
Takis Headquarters Coppell
0%
Peppa Pig World North Richland Hills
0%
Whites Chapel Southlake
0%
No matching quizzes found
Score Distribution
Percent of People with Each Score
Percentile by Number Answered
Your Score History
You have not taken this quiz